000 00405nam a2200133Ia 4500
008 220217s9999||||xx |||||||||||||| ||und||
020 _a81-203-1050-0
082 _a005.3 BRO
100 _aBrock, Rebecca wirfs Winkersion, Brian, & Wiener, Lauren
245 0 _aDesigning object oriented software
260 _aPrentice hall of india
_bNew Delhi
_c2002
300 _b150
650 _aSOFTWARE DESIGN
999 _c168972
_d168972